Cargando…

Kant on Causation : On the Fivefold Routes to the Principle of Causation /

Detalles Bibliográficos
Clasificación:Libro Electrónico
Autor principal: Bayne, Steven M.
Formato: Electrónico eBook
Idioma:Inglés
Publicado: Albany, NY : State University of New York Press, 2004.
Colección:Book collections on Project MUSE.
Temas:
Acceso en línea:Texto completo

MARC

LEADER 00000cam a22000004a 4500
001 musev2_4745
003 MdBmJHUP
005 20230905040556.0
006 m o d
007 cr||||||||nn|n
008 030912s2004 nyu o 00 0 eng d
010 |z  2003190073 
020 |a 9780791485897 
020 |z 0791459012 
020 |z 9780791459010 
035 |a (OCoLC)57579032 
040 |a MdBmJHUP  |c MdBmJHUP 
050 0 4 |a B2799.C3  |b B39 2004 
082 0 |a 122/.092  |2 22 
100 1 |a Bayne, Steven M. 
245 1 0 |a Kant on Causation :   |b On the Fivefold Routes to the Principle of Causation /   |c Steven M. Bayne. 
264 1 |a Albany, NY :  |b State University of New York Press,  |c 2004. 
264 3 |a Baltimore, Md. :  |b Project MUSE,   |c 2012 
264 4 |c ©2004. 
300 |a 1 online resource (190 pages). 
336 |a text  |b txt  |2 rdacontent 
337 |a computer  |b c  |2 rdamedia 
338 |a online resource  |b cr  |2 rdacarrier 
504 |a Includes bibliographical references (p. 167-172) and index. 
588 |a Description based on print version record. 
600 1 0 |a Kant, Immanuel,  |d 1724-1804. 
650 0 |a Causation. 
655 7 |a Electronic books.   |2 local 
710 2 |a Project Muse.  |e distributor 
830 0 |a Book collections on Project MUSE. 
856 4 0 |z Texto completo  |u https://projectmuse.uam.elogim.com/book/4745/ 
945 |a Project MUSE - Custom Collection 
945 |a Project MUSE - Archive Complete Foundation 
945 |a Project MUSE - Archive Philosophy and Religion Foundation